000 00454nam a2200193Ia 4500
003 OSt
005 20221005115213.0
006 a|||||r|||| 00| 0
007 ta
008 221004b |||||||| |||| 00| 0 eng d
024 _a111409
037 _cTextual
040 _aCRL
_cCRL
_beng
041 _2eng
_aeng
245 0 _aBuullitin micgrate de Bibliographia DSC undermation
260 _c1977
942 _cTEXL
_2cc
999 _c1033766
_d1033766